Vida de Jesús: dictada por el mismo
Tallennettuna:
| Päätekijä: | |
|---|---|
| Aineistotyyppi: | Kirja |
| Kieli: | espanja |
| Julkaistu: |
Madrid
Luis Cárcamo
1979
|
| Painos: | 1a. ed |
| Aiheet: | |
| Tagit: |
Lisää tagi
Ei tageja, Lisää ensimmäinen tagi!
|
MARC
| LEADER | 00000nam a2200000 a 4500 | ||
|---|---|---|---|
| 001 | UCI3550 | ||
| 003 | CL-VaPUC | ||
| 008 | 071109e19790000SP |||||||||||||||||spa|d | ||
| 020 | |a 8485316150 | ||
| 082 | 0 | 4 | |a 232.9 |b REB |2 21 |
| 100 | 0 | |a Rebaudi, Ovidio |e author |9 524920 | |
| 245 | 1 | 0 | |a Vida de Jesús: dictada por el mismo |
| 250 | |a 1a. ed | ||
| 300 | |a 478 p | ||
| 942 | |c BK | ||
| 945 | |d 20071109 00:00:00 |a jtorresc | ||
| 260 | |a Madrid |b Luis Cárcamo |c 1979 | ||
| 650 | 0 | |a Vida de Jesús |9 478097 | |
| 650 | 7 | |a JESUS |2 CL-VaPUC |9 395298 | |
| 583 | |a last modification |c 20071109 00:00:00 |k Rodrigo Vera | ||
| 999 | |c 327698 |d 327696 | ||
| 952 | |0 0 |1 0 |4 0 |6 232_900000000000000_REB_1979 |7 0 |8 A |9 410904 |a BIBTEO |b BIBTEO |d 2019-11-22 |i 4386833 |o 232.9 REB 1979 |p 4386833 |r 2025-01-17 |w 2019-11-22 |y BK |k ICR | ||